| 000 | 01440nam a2200397 i 4500 | ||
|---|---|---|---|
| 003 | DO-SdBNP | ||
| 005 | 20240813134936.0 | ||
| 006 | a||||gr|||| 00| 0 | ||
| 007 | ta | ||
| 008 | 240731e1996 sp aoc|| e||| 00| 0 spa d | ||
| 020 | _a8477647933 (Obra completa) | ||
| 020 | _a8477647941 (volumen I) | ||
| 020 | _a847764795X (Volumen II) | ||
| 020 | _a8477647968 (Volumen III) | ||
| 020 | _a8477647976 (Volumen IV) | ||
| 020 | _a8477647984 (volumen V) | ||
| 020 | _a8477647992 (Volumen VI) | ||
| 040 |
_aDO-SdBNP _bspa _cBNPHU _erda |
||
| 041 | _hspa | ||
| 082 | 4 |
_a036.1 _bO15c _222 |
|
| 245 | 0 | 0 |
_aOcéano color diccionario enciclopédico universal / _cdirector de obra, José María Prats; editores, Francisco José Jiménez, Jaime Rovira, Santiago Guisán. |
| 264 | 1 |
_aBarcelona, España : _bEditorial Océano, _c©1996 |
|
| 300 |
_avolumen : _bilustraciones, fotografías, retratos ; _c27 cm. |
||
| 336 |
_2rdacontent _atexto _btxt |
||
| 337 |
_2rdamedia _asin mediación _bn |
||
| 338 |
_2rdacarrier _avolumen _bnc |
||
| 490 | 0 |
_aOcéano Grupo Editorial ; _v1996 |
|
| 590 | _aInventariado 2024 / MF | ||
| 650 | 4 |
_aEnciclopedias y Diccionarios _92045 |
|
| 700 | 1 | 2 |
_aPrats, José María, _972011 _edirector |
| 700 | 1 |
_aJiménez, José Francisco, _911343 _eeditor |
|
| 700 | 1 |
_aRovira, Jaime, _92109 _eeditor |
|
| 700 | 1 |
_aGuisán, Santiago, _eeditor _986209 |
|
| 910 | _aValidado, control de calidad/MAA | ||
| 942 |
_2ddc _cLBS1 |
||
| 999 |
_c57373 _d57373 |
||